Geometry (Record no. 84939)
[ view plain ]
| 000 -LEADER | |
|---|---|
| fixed length control field | 00733nam a22002537a 4500 |
| 003 - CONTROL NUMBER IDENTIFIER | |
| control field | URS |
| 005 - DATE AND TIME OF LATEST TRANSACTION | |
| control field | 20250828100506.0 |
| 008 - FIXED-LENGTH DATA ELEMENTS--GENERAL INFORMATION | |
| fixed length control field | 250324b ||||| |||| 00| 0 eng d |
| 020 ## - INTERNATIONAL STANDARD BOOK NUMBER | |
| International Standard Book Number | 9780071268431 |
| 040 ## - CATALOGING SOURCE | |
| Transcribing agency | URS |
| 050 ## - LIBRARY OF CONGRESS CALL NUMBER | |
| Classification number | QA445 |
| Item number | .R37g 2011 |
| 100 1# - MAIN ENTRY--PERSONAL NAME | |
| 9 (RLIN) | 2936 |
| Personal name | Rich, Barnett, |
| Dates associated with a name | 1906- |
| 245 ## - TITLE STATEMENT | |
| Title | Geometry |
| Remainder of title | Includes Plane, Analytic, and Transformational Geometries |
| 250 ## - EDITION STATEMENT | |
| Edition statement | 4th Edition |
| 264 ## - PRODUCTION, PUBLICATION, DISTRIBUTION, MANUFACTURE, AND COPYRIGHT NOTICE | |
| Place of production, publication, distribution, manufacture | New York |
| Name of producer, publisher, distributor, manufacturer | McGraw-Hill |
| Date of production, publication, distribution, manufacture, or copyright notice | ©2011 |
| 300 ## - PHYSICAL DESCRIPTION | |
| Extent | 326 pages.,: |
| Dimensions | 28 cm. |
| 336 ## - CONTENT TYPE | |
| Source | rdacontent |
| Content type term | text |
| 337 ## - MEDIA TYPE | |
| Source | rdamedia |
| Media type term | unmediated |
| 338 ## - CARRIER TYPE | |
| Source | rdacarrier |
| Carrier type term | volume |
| 650 #0 - SUBJECT ADDED ENTRY--TOPICAL TERM | |
| 9 (RLIN) | 2568 |
| Topical term or geographic name entry element | Geometry |
| 650 #0 - SUBJECT ADDED ENTRY--TOPICAL TERM | |
| 9 (RLIN) | 977 |
| Topical term or geographic name entry element | Geometry--Problems, exercises, etc |
| 700 ## - ADDED ENTRY--PERSONAL NAME | |
| 9 (RLIN) | 11567 |
| Personal name | Tomas, Christopher |
| 942 ## - ADDED ENTRY ELEMENTS (KOHA) | |
| Source of classification or shelving scheme | Library of Congress Classification |
| Koha item type | Reserved Books |
| Withdrawn status | Source of classification or shelving scheme | Damaged status | Not for loan | Collection code | Home library | Current library | Date acquired | Total Checkouts | Full call number | Barcode | Date last seen | Copy number | Price effective from | Koha item type |
|---|---|---|---|---|---|---|---|---|---|---|---|---|---|---|
| Library of Congress Classification | Non-fiction | Morong Graduate Library | Morong Graduate Library | 03/24/2025 | QA445 .R37g 2011 | URSMOR-GL-4985 | 03/24/2025 | 1 | 03/24/2025 | Reserved Books | ||||
| Library of Congress Classification | Non-fiction | Morong Graduate Library | Morong Graduate Library | 03/24/2025 | QA445 .R37g 2011 | URSMOR-GL-4986 | 03/24/2025 | 2 | 03/24/2025 | Reserved Books |